000
00323 a2200133 4500
000
nam a22 7a 4500
100
_a
P.K. Gupta
110
_a
P.K. Gupta
245
_a
BIOTECHNOLOGY, IMMUNOLOGY, BIOTECHNIQUES & BIOSTATISTICS
250
_a
latest
260
_b
medtech
_c
2026
264
_b
medtech
_c
2026
942
_c
BK
999
_c
394996
_d
394996